Natural principles of land use / (Record no. 55553)
[ view plain ]
| 000 -LEADER | |
|---|---|
| fixed length control field | 00824nam a2200277 a 4500 |
| 001 - CONTROL NUMBER | |
| control field | 55553 |
| 003 - CONTROL NUMBER IDENTIFIER | |
| rucl marc code | BD-RjUL |
| 005 - DATE AND TIME OF LATEST TRANSACTION | |
| control field | 20211209080300.0 |
| 008 - FIXED-LENGTH DATA ELEMENTS--GENERAL INFORMATION | |
| fixed length control field | 190304s1944 enkaf b 001 0 eng d |
| 035 ## - SYSTEM CONTROL NUMBER | |
| System control number | (OCoLC)ocm00808283 |
| System control number | (BD-RjUL)55676 |
| 040 ## - CATALOGING SOURCE | |
| Original cataloging agency | U.S. Dept. of Agr. Library |
| Transcribing agency | CSU |
| Modifying agency | SER |
| Language of cataloging | eng |
| 041 ## - LANGUAGE CODE | |
| Language code of text/sound track or separate title | eng |
| 082 ## - DEWEY DECIMAL CLASSIFICATION NUMBER | |
| Edition number | 23 |
| Classification number | 333.7 |
| Author mark and year | GRN 1944 |
| 100 1# - MAIN ENTRY--PERSONAL NAME | |
| Personal name | Graham, Edward Harrison, |
| Dates associated with a name | 1902- |
| 9 (RLIN) | 228950 |
| 245 10 - TITLE STATEMENT | |
| Title | Natural principles of land use / |
| Statement of responsibility, etc. | Edward H. Graham. |
| 260 ## - PUBLICATION, DISTRIBUTION, ETC. (IMPRINT) | |
| Place of publication, distribution, etc. | London : |
| Name of publisher, distributor, etc. | Oxford University Press, |
| Date of publication, distribution, etc. | 1944. |
| 300 ## - PHYSICAL DESCRIPTION | |
| Pagination | xiii, 274 p. : |
| Illustrations | ill.; |
| Size | 22 cm. |
| 504 ## - BIBLIOGRAPHY, ETC. NOTE | |
| Bibliography, etc | Bibliography: p. 233-261. |
| 650 #0 - SUBJECT ADDED ENTRY--TOPICAL TERM | |
| Topical term or geographic name as entry element | Land use. |
| 9 (RLIN) | 228951 |
| Topical term or geographic name as entry element | Biology, Economic. |
| 9 (RLIN) | 228952 |
| Topical term or geographic name as entry element | Natural resources. |
| 9 (RLIN) | 228953 |
| 942 ## - ADDED ENTRY ELEMENTS (KOHA) | |
| Source of classification or shelving scheme | Dewey Decimal Classification |
| Koha item type | Books |
| Lost status | Source of classification or shelving scheme | Damaged status | Not for loan | Collection code | Permanent Location | Current Location | Shelving location | Date acquired | Source of acquisition | Total Checkouts | Full call number | Date last seen | Copy number | Koha item type |
|---|---|---|---|---|---|---|---|---|---|---|---|---|---|---|
| Dewey Decimal Classification | Not For Loan | Non-fiction | Central Library, University of Rajshahi | Central Library, University of Rajshahi | Reading Room | 01/03/1958 | U.S.I.S. Dhaka | 333.7 GRN 1944 | 04/03/2019 | C-1 | Books |